Biggest Cities in Argentina on a Map - Statistics

General Stats
  • This quiz has been taken 1,523 times
  • The average score is 12 of 22
Answers on the Map
Answers color-coded by a green-red scale on the quiz's map according to % correct below.
 
Answer Stats
Population City % Correct
15,172,700 Buenos Aires
100%
1,612,100 Córdoba
92%
1,339,500 Rosario
86%
1,053,500 Mendoza
78%
902,200 San Miguel de Tucumán
68%
852,800 La Plata
63%
644,400 Salta
62%
540,200 Santa Fe
59%
626,300 Mar del Plata
58%
512,000 San Juan
52%
353,200 San Salvador de Jujuy
49%
299,000 Bahía Blanca
46%
395,600 Neuquén
46%
254,900 Formosa
44%
393,200 Corrientes
43%
401,800 Santiago del Estero
42%
215,800 Comodoro Rivadavia
37%
216,700 La Rioja
37%
432,800 Resistencia
36%
222,100 Catamarca
35%
361,400 Posadas
35%
290,500 Paraná
33%
No matching quizzes found
Score Distribution
Percent of People with Each Score
Percentile by Number Answered
Your Score History
You have not taken this quiz